| 000 | 00605nam a22001697a 4500 | ||
|---|---|---|---|
| 999 |
_c11418 _d11418 |
||
| 008 | 181129b ||||| |||| 00| 0 eng d | ||
| 082 |
_22016 _aUT 1048 _bAl13 |
||
| 100 |
_aAlbacite, Henrick C. _932739 |
||
| 245 |
_aMobile seat plan ( capstone) / _cHenrick C. Albacite, Joserito M. Mapa, Irish D. Divino |
||
| 260 |
_aDigos City : _bUMDC, _c2016. |
||
| 300 |
_a57 pages; _b29 cm. |
||
| 650 |
_aTechnical Program _vInformation technology _xUndergraduate thesis. _932740 |
||
| 700 |
_aAlabcite, Henrick C. _932741 |
||
| 700 |
_aMapa, Joserito M. _932742 |
||
| 700 |
_aDivino, Irish D. _932743 |
||
| 942 |
_2ddc _cUT |
||